000 00724cab a2200229 4500
001 WB3411-25
008 090401t1998 xxu||||| |||| 00| 0 eng d
035 _a(Sirsi) u84947
041 _aeng
245 _aEnvironmental reports
260 _c1998
350 _a0
490 _aFinancial Times
_v16 March 1998, 10(1)
520 _aThe DETR wants all companies employing more than 250 people to have an environmental policy and to report on their progress in implementing their policy.
650 _aCOMPANY REPORTS
650 _aENVIRONMENTAL POLICY
650 _aENVIRONMENTAL RISKS
650 _aENVIRONMENTAL STATEMENTS
690 _aENVIRONMENTAL AND LAND CONSULTANCY
942 _n0
948 _c17/03/1998
999 _c53407
_d53407